[Event "40th Olympiad Open"]
[Site "Istanbul TUR"]
[Date "2012.09.03"]
[Round "6.2"]
[White "Palac, Mladen"]
[Black "Safarli, Eltaj"]
[Result "1/2-1/2"]
[WhiteTitle "GM"]
[BlackTitle "GM"]
[WhiteElo "2599"]
[BlackElo "2620"]
[WhiteTeam "Croatia"]
[BlackTeam "Azerbaijan"]
[WhiteFideId "14500116"]
[BlackFideId "13402129"]
[EventDate "2012.08.28"]

1. e4 c5 2. Nf3 e6 3. d4 cxd4 4. Nxd4 Nf6 5. Nc3 Nc6 6. Ndb5 Bb4 7. a3 Bxc3+ 8.
Nxc3 d5 9. exd5 exd5 10. Bd3 O-O 11. O-O d4 12. Ne2 Qd5 13. Nf4 Qd6 14. Nh5 Nxh5
15. Qxh5 h6 16. Re1 Bd7 17. Bd2 Rfe8 18. Qf3 Ne5 19. Qg3 Qf6 20. c3 Nxd3 21.
Qxd3 Rxe1+ 22. Bxe1 Bc6 23. cxd4 Re8 24. Bc3 Qg5 25. Qg3 Qd5 26. f3 Re2 27. Re1
Rxe1+ 28. Qxe1 Qe6 29. Qe5 Qxe5 30. dxe5 g5 31. Kf2 Kh7 32. Bd4 a6 33. Bb6 Kg6
34. Bd8 Kf5 35. Bf6 g4 36. fxg4+ Kxg4 37. h3+ Kf5 38. g4+ Kg6 39. h4 h5 40.
gxh5+ Kxh5 41. Ke3 Kg4 42. Kd4 Kh5 43. Kc5 Kg6 44. b4 Bh1 45. a4 1/2-1/2

[Event "40th Olympiad Open"]
[Site "Istanbul TUR"]
[Date "2012.09.03"]
[Round "6.4"]
[White "Babula, Vlastimil"]
[Black "Illescas Cordoba, Miguel"]
[Result "1/2-1/2"]
[WhiteTitle "GM"]
[BlackTitle "GM"]
[WhiteElo "2595"]
[BlackElo "2601"]
[WhiteTeam "Czech Republic"]
[BlackTeam "Spain"]
[WhiteFideId "301264"]
[BlackFideId "2200015"]
[EventDate "2012.08.28"]

1. d4 Nf6 2. c4 e6 3. Nf3 d5 4. Nc3 c5 5. cxd5 Nxd5 6. e3 Nc6 7. Bd3 Be7 8. O-O
O-O 9. Re1 Nf6 10. a3 cxd4 11. exd4 b6 12. Bc2 Ba6 13. Be3 Rc8 14. Ne5 Bb7 15.
Bb3 Na5 16. Ba2 Bxa3 17. Bxe6 Bxb2 18. Nxf7 Rxf7 19. Rxa5 Bxc3 20. Rxa7 Bd5 21.
Bxf7+ Bxf7 22. Bd2 Qxd4 23. Bxc3 Qxc3 24. h3 h6 25. Ree7 Re8 26. Qd6 Rxe7 27.
Rxe7 Qb3 28. Qd8+ Be8 29. Rxe8+ Nxe8 30. Qxe8+ Kh7 31. Qe4+ Kh8 32. h4 Qd1+ 33.
Kh2 Qd6+ 34. f4 Qb8 35. g4 Qd6 36. h5 Qd8 1/2-1/2

[Event "40th Olympiad Open"]
[Site "Istanbul TUR"]
[Date "2012.09.03"]
[Round "6.4"]
[White "Perez Candelario, Manuel"]
[Black "Stocek, Jiri"]
[Result "1-0"]
[WhiteTitle "GM"]
[BlackTitle "GM"]
[WhiteElo "2575"]
[BlackElo "2569"]
[WhiteTeam "Spain"]
[BlackTeam "Czech Republic"]
[WhiteFideId "2210622"]
[BlackFideId "304760"]
[EventDate "2012.08.28"]

1. e4 e5 2. Nf3 Nc6 3. Bb5 a6 4. Ba4 Nf6 5. O-O Be7 6. Re1 d6 7. c3 O-O 8. h3
Bd7 9. d4 h6 10. Nbd2 Re8 11. Nf1 Bf8 12. Ng3 Rc8 13. Bc2 b5 14. b3 Na5 15. Be3
c6 16. Qd2 Nb7 17. Rad1 Qa5 18. Nh4 Nd8 19. f4 exf4 20. Bxf4 Ne6 21. Be3 Ng5 22.
b4 Qc7 23. Bxg5 hxg5 24. Qxg5 Nh7 25. Qh5 Re6 26. Qe2 Rce8 27. Nf3 c5 28. bxc5
dxc5 29. e5 Rh6 30. Nf5 Rh5 31. Ng3 Rh6 32. Be4 b4 33. d5 bxc3 34. d6 Qb6 35.
Qf2 Qd8 36. Qe3 Ba4 37. Rc1 c2 38. Qf4 Qd7 39. Bf5 Qb5 40. Bxh7+ Rxh7 41. Ng5
Qd7 42. Nxh7 Kxh7 43. Ne4 Kg8 44. Qg5 Re6 45. Nxc5 1-0

[Event "40th Olympiad Open"]
[Site "Istanbul TUR"]
[Date "2012.09.03"]
[Round "6.5"]
[White "Georgiev, Kiril"]
[Black "Barbosa, Oliver"]
[Result "0-1"]
[WhiteTitle "GM"]
[BlackTitle "GM"]
[WhiteElo "2682"]
[BlackElo "2554"]
[WhiteTeam "Bulgaria"]
[BlackTeam "Philippines"]
[WhiteFideId "2900017"]
[BlackFideId "5201640"]
[EventDate "2012.08.28"]

1. d4 d5 2. c4 c6 3. Nf3 Nf6 4. Nc3 dxc4 5. a4 e6 6. e3 c5 7. Bxc4 Nc6 8. O-O
Be7 9. Qe2 cxd4 10. exd4 O-O 11. Rd1 Nb4 12. Ne5 Bd7 13. Qf3 Bc6 14. Qg3 Nfd5
15. Bh6 Bf6 16. Ne4 Kh8 17. Nxf6 Qxf6 18. Bg5 Qf5 19. Bd2 Rac8 20. a5 f6 21.
Nxc6 Nxc6 22. Be1 Nf4 23. Bf1 Rfd8 24. Qe3 a6 25. Rac1 Rd7 26. Rc5 Qxc5 27. dxc5
Rxd1 28. g3 Nd5 29. Qxe6 Rd8 30. Kg2 Nd4 31. Qe4 f5 32. Qe5 f4 33. Bc4 Nc2 34.
Bc3 Nxc3 35. bxc3 fxg3 36. hxg3 Ne1+ 37. Kh3 Nd3 38. Qf5 Rd2 39. f3 Nf2+ 40. Kh4
Nd1 41. Qe5 Rh2+ 42. Kg5 Rh6 43. g4 Rc6 44. Kh4 Nb2 45. Qe7 Rcc8 46. Be6 Rb8 47.
Qc7 Na4 48. c4 Nc3 49. Bd7 Ne2 50. Qe5 Ra8 51. c6 bxc6 52. Bxc6 Rac8 53. Be4 Rd1
54. f4 Rf8 55. Qh5 g5+ 56. Qxg5 Nxf4 57. Qe7 Rh1+ 58. Kg3 Rh3+ 59. Kf2 Ng6+ 0-1

[Event "40th Olympiad Open"]
[Site "Istanbul TUR"]
[Date "2012.09.03"]
[Round "6.5"]
[White "Torre, Eugenio"]
[Black "Cheparinov, Ivan"]
[Result "1/2-1/2"]
[WhiteTitle "GM"]
[BlackTitle "GM"]
[WhiteElo "2469"]
[BlackElo "2681"]
[WhiteTeam "Philippines"]
[BlackTeam "Bulgaria"]
[WhiteFideId "5200016"]
[BlackFideId "2905540"]
[EventDate "2012.08.28"]

1. d4 d6 2. Nf3 g6 3. e4 Nf6 4. Nc3 Bg7 5. Be2 O-O 6. O-O c6 7. Re1 Nbd7 8. e5
dxe5 9. dxe5 Ng4 10. e6 fxe6 11. h3 Nge5 12. Nxe5 Nxe5 13. Qxd8 Rxd8 14. Ne4 Nf7
15. c3 b6 16. a4 c5 17. Ng5 Nxg5 18. Bxg5 Kf7 19. Bf3 Rb8 20. Bf4 e5 21. Bxe5
Bxe5 22. Rxe5 a5 23. Rae1 e6 24. Be2 Rd2 25. b3 Bd7 26. Bc4 Re8 27. h4 Kg7 28.
R5e2 Rd6 29. f4 Kf7 30. g4 Bc6 31. f5 gxf5 32. gxf5 Bd5 33. Bxd5 Rxd5 34. fxe6+
Ke7 35. Rg2 Kd6 36. e7 Rxe7 37. Rxe7 Kxe7 38. Rg7+ Kf8 39. Rxh7 Rd3 40. Rb7 Rxc3
41. Rxb6 c4 42. b4 axb4 43. Rxb4 Rc2 44. Kf1 c3 45. Rc4 Ra2 46. Ke1 Ra1+ 47. Ke2
c2 1/2-1/2

[Event "40th Olympiad Open"]
[Site "Istanbul TUR"]
[Date "2012.09.03"]
[Round "6.8"]
[White "Dvirnyy, Daniyyl"]
[Black "Howell, David W L"]
[Result "1/2-1/2"]
[WhiteTitle "IM"]
[BlackTitle "GM"]
[WhiteElo "2520"]
[BlackElo "2635"]
[WhiteTeam "Italy"]
[BlackTeam "England"]
[WhiteFideId "817570"]
[BlackFideId "410608"]
[EventDate "2012.08.28"]

1. c4 Nf6 2. Nc3 e5 3. Nf3 Nc6 4. g3 d5 5. cxd5 Nxd5 6. Bg2 Nb6 7. O-O Be7 8. a3
O-O 9. b4 Be6 10. d3 a5 11. b5 Nd4 12. Bb2 Nxf3+ 13. Bxf3 Rb8 14. Qc2 Qd7 15.
Rfc1 Bd6 16. Rab1 f5 17. Na4 Nxa4 18. Qxa4 b6 19. Rc6 Qf7 20. Rf1 Kh8 21. Bg2
Rbe8 22. Qc2 Bd7 23. Rxc7 Bxc7 24. Qxc7 Bxb5 25. Qxb6 Qb3 26. Ba1 a4 27. Qc5 e4
28. Rc1 Rf7 29. g4 Bd7 30. gxf5 exd3 31. Bd5 dxe2 32. Bxb3 e1=Q+ 33. Rxe1 Rxe1+
34. Kg2 axb3 35. f6 Rxa1 36. Qd5 Be8 37. Qe4 gxf6 38. Qxe8+ Kg7 39. Qb8 Rxa3 40.
Qg3+ Kh8 41. Qb8+ Kg7 42. Qg3+ Kh8 1/2-1/2

[Event "40th Olympiad Open"]
[Site "Istanbul TUR"]
[Date "2012.09.03"]
[Round "6.9"]
[White "Kosic, Dragan"]
[Black "Eljanov, Pavel"]
[Result "0-1"]
[WhiteTitle "GM"]
[BlackTitle "GM"]
[WhiteElo "2526"]
[BlackElo "2693"]
[WhiteTeam "Montenegro"]
[BlackTeam "Ukraine"]
[WhiteFideId "900290"]
[BlackFideId "14102951"]
[EventDate "2012.08.28"]

1. d4 Nf6 2. Nf3 e6 3. e3 c5 4. Bd3 d5 5. b3 cxd4 6. exd4 Nc6 7. O-O b6 8. Bb2
Bb7 9. Nbd2 Bd6 10. Ne5 O-O 11. a3 Ne7 12. Qe2 Rc8 13. f4 Rc7 14. Rae1 Ng6 15.
f5 exf5 16. Bxf5 Re7 17. Ndf3 Qc7 18. Ng5 Rfe8 19. Qd3 Nxe5 20. dxe5 Bxe5 21.
Rxe5 Rxe5 22. Bxe5 Qxe5 23. Bxh7+ Kf8 24. Bf5 d4 25. Nh7+ Nxh7 26. Bxh7 Qg5 27.
Qg6 Qe3+ 28. Kh1 Qf4 29. Qd3 Qg5 0-1

[Event "40th Olympiad Open"]
[Site "Istanbul TUR"]
[Date "2012.09.03"]
[Round "6.10"]
[White "Avrukh, Boris"]
[Black "Gupta, Abhijeet"]
[Result "1-0"]
[WhiteTitle "GM"]
[BlackTitle "GM"]
[WhiteElo "2605"]
[BlackElo "2637"]
[WhiteTeam "Israel"]
[BlackTeam "India"]
[WhiteFideId "2803895"]
[BlackFideId "5010608"]
[EventDate "2012.08.28"]

1. d4 Nf6 2. c4 g6 3. g3 c6 4. Bg2 d5 5. Qa4 dxc4 6. Qxc4 Bg7 7. Nf3 O-O 8. O-O
Bf5 9. Nc3 Nbd7 10. h3 Ne4 11. Qb3 Nb6 12. a4 a5 13. Rd1 Ra6 14. Ne1 Be6 15. Qc2
Nxc3 16. bxc3 Qc8 17. Kh2 c5 18. d5 Bd7 19. Nd3 c4 20. Nb2 e6 21. dxe6 Bxe6 22.
Be3 Nd7 23. Bd5 Nf6 24. Bg2 Nd7 25. Bd5 Nf6 26. Bg2 Bf5 27. Qc1 Be4 28. f3 Bf5
29. Bd4 Be6 30. e4 h5 31. Qe3 Re8 32. Rd2 Qb8 33. h4 Kh7 34. Qe2 Rc8 35. Nd1 Nd7
36. Qe3 Bf8 37. f4 Bg4 38. Nf2 Nc5 39. Nxg4 hxg4 40. Bxc5 Bxc5 41. Qe2 Rd6 42.
Rxd6 Qxd6 43. Qxg4 Rd8 44. Rf1 Qb6 45. f5 Rd3 46. e5 Bf2 47. Qxc4 Bxg3+ 48. Kh1
Rd7 49. e6 Rc7 50. Qg4 Bd6 51. Be4 Kh8 52. fxg6 f5 53. Qxf5 Qe3 54. g7+ 1-0

[Event "40th Olympiad Open"]
[Site "Istanbul TUR"]
[Date "2012.09.03"]
[Round "6.11"]
[White "Skoberne, Jure"]
[Black "Vedmediuc, Serghei"]
[Result "0-1"]
[WhiteTitle "GM"]
[BlackTitle "IM"]
[WhiteElo "2552"]
[BlackElo "2468"]
[WhiteTeam "Slovenia"]
[BlackTeam "Moldova"]
[WhiteFideId "14604299"]
[BlackFideId "13900790"]
[EventDate "2012.08.28"]

1. c4 Nf6 2. d4 g6 3. Nc3 Bg7 4. e4 d6 5. f3 e5 6. d5 Nh5 7. Nge2 f5 8. Be3 O-O
9. Qd2 a5 10. O-O-O Na6 11. exf5 gxf5 12. g4 fxg4 13. fxg4 Bxg4 14. Rg1 Qd7 15.
Ne4 Kh8 16. h3 Bf5 17. N2g3 Nf4 18. Bxf4 exf4 19. Nxf5 Qxf5 20. Bd3 Nb4 21. Rg5
Qxh3 22. Rxg7 Kxg7 23. Rg1+ Kh6 24. Bb1 Qe3 25. Rh1+ Kg7 26. Ng5 Rh8 27. Ne6+
Kf6 28. a3 Na6 29. Rh6+ Ke7 30. Bxh7 Nc5 31. Nxc5 Qxd2+ 32. Kxd2 dxc5 33. Re6+
Kf7 34. Be4 Ra6 35. Re5 Re8 0-1

[Event "40th Olympiad Open"]
[Site "Istanbul TUR"]
[Date "2012.09.03"]
[Round "6.12"]
[White "Adly, Ahmed"]
[Black "Nguyen, Ngoc Truong Son"]
[Result "1/2-1/2"]
[WhiteTitle "GM"]
[BlackTitle "GM"]
[WhiteElo "2602"]
[BlackElo "2639"]
[WhiteTeam "Egypt"]
[BlackTeam "Vietnam"]
[WhiteFideId "10601619"]
[BlackFideId "12401110"]
[EventDate "2012.08.28"]

1. d4 Nf6 2. Nf3 g6 3. g3 Bg7 4. c4 c5 5. Bg2 O-O 6. O-O cxd4 7. Nxd4 Nc6 8. Nc3
Nxd4 9. Qxd4 d6 10. Bg5 h6 11. Bxf6 Bxf6 12. Qe3 Be6 13. Rac1 Qb6 14. Qxb6 axb6
15. Bxb7 Ra7 16. Bd5 Bxc3 17. Rxc3 Rxa2 18. Rb3 Rc8 19. Rxb6 Bxd5 20. cxd5 Rc2
21. e4 Raxb2 22. Rxb2 Rxb2 23. Ra1 Rb4 24. f3 Rb2 25. Ra7 Kf8 26. h4 Rd2 27. h5
gxh5 28. Ra8+ Kg7 29. Re8 Kf6 30. Rh8 Kg7 31. Re8 Kf6 1/2-1/2

[Event "40th Olympiad Open"]
[Site "Istanbul TUR"]
[Date "2012.09.03"]
[Round "6.12"]
[White "Nguyen, Duc Hoa"]
[Black "Labib, Ibrahim Hasan"]
[Result "1/2-1/2"]
[WhiteTitle "IM"]
[BlackTitle "IM"]
[WhiteElo "2505"]
[BlackElo "2429"]
[WhiteTeam "Vietnam"]
[BlackTeam "Egypt"]
[WhiteFideId "12401358"]
[BlackFideId "10600426"]
[EventDate "2012.08.28"]

1. d4 Nf6 2. c4 e6 3. Nf3 Bb4+ 4. Bd2 a5 5. g3 d6 6. Bg2 Nbd7 7. O-O e5 8. Nc3
exd4 9. Nxd4 O-O 10. Rc1 Re8 11. Nd5 Nxd5 12. cxd5 Bc5 13. Bc3 Bb6 14. Qc2 Ne5
15. Nf3 Nxf3+ 16. Bxf3 Qg5 17. Rfd1 Bg4 18. Bd4 Bxf3 19. exf3 h5 20. h4 Qe7 21.
Kg2 Ra6 22. Qf5 g6 23. Qf4 Bxd4 24. Rxd4 Qd7 25. Qf6 Re5 26. Re4 Rxe4 27. fxe4
c6 28. Rd1 Qe8 29. f3 cxd5 30. Rxd5 Qa4 31. Rxd6 Qc2+ 32. Kh3 Rxd6 33. Qxd6 Qb1
34. Qd8+ Kh7 35. g4 hxg4+ 36. Kxg4 Qxa2 37. h5 Qe6+ 38. Kf4 b6 39. hxg6+ Qxg6
40. e5 Kg7 41. Ke3 Qg1+ 42. Ke4 Qe1+ 43. Kf5 Qb1+ 44. Kf4 Qc1+ 45. Kf5 Qc2+ 46.
Kf4 Qc6 47. Qg5+ Qg6 48. Qxg6+ Kxg6 49. Ke4 a4 50. f4 b5 51. f5+ Kg5 52. e6 fxe6
53. fxe6 Kf6 54. Kd5 Ke7 55. Kc5 Kxe6 56. Kxb5 a3 57. bxa3 Kd7 58. Kb6 Kc8 59.
a4 Kb8 60. a5 Ka8 61. a6 Kb8 62. a7+ Ka8 1/2-1/2

[Event "40th Olympiad Open"]
[Site "Istanbul TUR"]
[Date "2012.09.03"]
[Round "6.13"]
[White "Cuartas, Jaime Alexander"]
[Black "Gagunashvili, Merab"]
[Result "1/2-1/2"]
[WhiteTitle "GM"]
[BlackTitle "GM"]
[WhiteElo "2521"]
[BlackElo "2578"]
[WhiteTeam "Colombia"]
[BlackTeam "Georgia"]
[WhiteFideId "4401190"]
[BlackFideId "13601652"]
[EventDate "2012.08.28"]

1. e4 d6 2. d4 Nf6 3. Nc3 g6 4. g3 Bg7 5. Bg2 O-O 6. Nge2 e5 7. O-O c6 8. a4 a5
9. h3 Na6 10. Be3 Nb4 11. Qd2 Be6 12. Rad1 Bc4 13. b3 Ba6 14. Rfe1 Qc7 15. f4
Rad8 16. g4 Rfe8 17. Ng3 exf4 18. Bxf4 c5 19. dxc5 Qxc5+ 20. Be3 Qc7 21. Bd4 d5
22. e5 Nd7 23. Nxd5 Nxd5 24. Bxd5 Nxe5 25. Qg2 Nf3+ 26. Qxf3 Bxd4+ 27. Kh1 Rxe1+
28. Rxe1 Be5 29. Qxf7+ Qxf7 30. Bxf7+ Kxf7 31. Rxe5 Rd1+ 32. Kh2 Rd2+ 33. Kg1
Rxc2 34. Ne4 b6 35. g5 Rc6 36. Nf6 Bc8 37. h4 Be6 38. Rb5 h6 39. Kf2 hxg5 1/2-1/2

[Event "40th Olympiad Open"]
[Site "Istanbul TUR"]
[Date "2012.09.03"]
[Round "6.13"]
[White "Sanikidze, Tornike"]
[Black "Zapata, Alonso"]
[Result "1-0"]
[WhiteTitle "GM"]
[BlackTitle "GM"]
[WhiteElo "2585"]
[BlackElo "2481"]
[WhiteTeam "Georgia"]
[BlackTeam "Colombia"]
[WhiteFideId "13602608"]
[BlackFideId "4400011"]
[EventDate "2012.08.28"]

1. d4 Nf6 2. c4 g6 3. Nc3 Bg7 4. e4 d6 5. f3 O-O 6. Be3 Nc6 7. Nge2 a6 8. Qd2
Rb8 9. Nc1 e5 10. d5 Nd4 11. Nb3 c5 12. dxc6 bxc6 13. Nxd4 exd4 14. Bxd4 d5 15.
cxd5 cxd5 16. e5 Re8 17. g3 Nd7 18. f4 Bh6 19. Qf2 Nf6 20. Bg2 Ng4 21. Qe2 Rb4
22. O-O-O Qa5 23. Nxd5 Rxd4 24. Rxd4 Rxe5 25. Qc4 Be6 26. Qb4 Qxa2 27. Nc3 Qa5
28. Qxa5 Rxa5 29. Kd2 Bf8 30. Ra4 Rxa4 31. Nxa4 Bb4+ 32. Nc3 Kf8 33. Bf3 h5 34.
Bxg4 hxg4 35. Kd3 Ke7 36. Ra1 a5 37. Ne4 f5 38. Nd2 Kf6 39. Nc4 Bxc4+ 40. Kxc4
g5 41. fxg5+ Kxg5 42. Rd1 Kf6 43. Rd5 Ke6 44. Rb5 Bd2 45. Kd3 Be1 46. Kc2 Kf6
47. Kd1 Bb4 48. Ke2 Ke6 49. Ke3 Be1 50. Rc5 Bb4 51. Rc1 Ke5 52. Rf1 Bc5+ 53. Kd3
Bb4 54. Kc4 Bd2 55. Kb5 Bb4 56. Ra1 Ke4 57. Rxa5 Bd2 58. b4 f4 59. gxf4 Bxf4 60.
Ra2 1-0

[Event "40th Olympiad Open"]
[Site "Istanbul TUR"]
[Date "2012.09.03"]
[Round "6.13"]
[White "Escobar Forero, Alder"]
[Black "Pantsulaia, Levan"]
[Result "0-1"]
[WhiteTitle "IM"]
[BlackTitle "GM"]
[WhiteElo "2493"]
[BlackElo "2575"]
[WhiteTeam "Colombia"]
[BlackTeam "Georgia"]
[WhiteFideId "4400801"]
[BlackFideId "13602071"]
[EventDate "2012.08.28"]

1. e4 c5 2. Nf3 e6 3. d4 cxd4 4. Nxd4 a6 5. Nc3 b5 6. g3 Bb7 7. Bg2 Nf6 8. O-O
b4 9. Na4 Bxe4 10. Bxe4 Nxe4 11. Re1 d5 12. Nxe6 fxe6 13. Qh5+ g6 14. Qe5 Qf6
15. Rxe4 Qxe5 16. Rxe5 Kf7 17. c4 bxc3 18. Re3 Bg7 19. bxc3 Nd7 20. Rf3+ Bf6 21.
Bg5 Ke7 22. Bxf6+ Nxf6 23. c4 Rac8 24. cxd5 Nxd5 25. Rb1 Rc2 26. a3 Rhc8 27.
Rbb3 Kd6 28. Kg2 R8c6 29. Rfd3 Ke5 30. Rb7 Rc7 31. Rxc7 Rxc7 32. Rb3 Kd4 33. Rb8
Rc2 34. Ra8 h5 35. Rxa6 Ne3+ 36. Kf3 Ng4 37. Kf4 e5+ 38. Kg5 e4 39. Rd6+ Ke5 40.
Rd8 Nxf2 41. Nb6 e3 42. Nd5 Ne4+ 43. Kxg6 Rd2 0-1

[Event "40th Olympiad Open"]
[Site "Istanbul TUR"]
[Date "2012.09.03"]
[Round "6.14"]
[White "Tkachiev, Vladislav"]
[Black "Sipila, Vilka"]
[Result "1-0"]
[WhiteTitle "GM"]
[BlackTitle "FM"]
[WhiteElo "2644"]
[BlackElo "2431"]
[WhiteTeam "France"]
[BlackTeam "Finland"]
[WhiteFideId "618438"]
[BlackFideId "505455"]
[EventDate "2012.08.28"]

1. d4 d5 2. Nf3 Nf6 3. c4 e6 4. Nc3 Be7 5. Bg5 O-O 6. e3 h6 7. Bxf6 Bxf6 8. Rc1
b6 9. cxd5 exd5 10. Bd3 Be6 11. O-O c6 12. Ne2 Qd6 13. Nf4 Nd7 14. Nxe6 fxe6 15.
e4 e5 16. Bc2 dxe4 17. Bxe4 Rac8 18. Qb3+ Kh8 19. Bc2 Rfd8 20. dxe5 Bxe5 21.
Rfe1 Qf6 22. Nxe5 Nxe5 23. Qc3 Nd7 24. Qxf6 Nxf6 25. Re7 a5 26. h3 Nd5 27. Re4
Nb4 28. Bb1 Nd3 29. Rc2 Kg8 30. a3 Rd6 31. Ba2+ Kf8 32. Re3 Nf4 33. Rf3 Rf6 34.
Kh2 Ke7 35. Re3+ Kf8 36. g3 Ng6 37. Rce2 Nh8 38. h4 Nf7 39. h5 Nd6 40. Kg2 Re8
41. Bb1 Rxe3 42. Rxe3 Nf5 43. Re4 Ne7 44. Ba2 Nd5 45. Bxd5 cxd5 46. Re5 Rd6 47.
Kf3 d4 48. Ke2 d3+ 49. Kd2 Kf7 50. f3 Kf6 51. Rb5 Ke6 52. Rb3 Ke5 53. Rxd3 Rc6
54. Ke3 b5 55. Rc3 Rb6 56. Rc5+ Kd6 57. b4 Rb7 58. g4 Re7+ 59. Kf2 Rb7 60. f4
axb4 61. axb4 Ke6 62. Kf3 Kd6 63. Ke4 Re7+ 64. Re5 Rb7 65. g5 Rb8 66. Kf5 hxg5
67. Kxg5 Rb7 68. Kg6 Kc6 69. f5 Rd7 70. Rc5+ Kb6 71. f6 gxf6 72. h6 Rd4 73. Rh5
Rg4+ 74. Kf7 Rxb4 75. h7 Kc7 76. h8=Q Kd7 77. Rc5 Ra4 78. Qe8+ Kd6 79. Qe7# 1-0

[Event "40th Olympiad Open"]
[Site "Istanbul TUR"]
[Date "2012.09.03"]
[Round "6.15"]
[White "Khusenkhojaev, Muhammad"]
[Black "Ipatov, Alexander"]
[Result "1/2-1/2"]
[BlackTitle "GM"]
[WhiteElo "2378"]
[BlackElo "2577"]
[WhiteTeam "Tajikistan"]
[BlackTeam "Turkey"]
[WhiteFideId "14700247"]
[BlackFideId "14116731"]
[EventDate "2012.08.28"]

1. Nf3 Nf6 2. c4 e6 3. Nc3 d5 4. d4 Be7 5. Bg5 h6 6. Bh4 O-O 7. e3 b6 8. Bd3 Bb7
9. O-O Nbd7 10. Qe2 Ne4 11. Bxe7 Qxe7 12. Rac1 a6 13. cxd5 exd5 14. Bb1 c5 15.
dxc5 Nxc3 16. Rxc3 bxc5 17. Qc2 g6 18. Qa4 Rac8 19. Rb3 Nf6 20. Qf4 Kg7 21. Rb6
Rc6 22. Rxc6 Bxc6 23. Rc1 Re8 24. Nd2 Bb5 25. h3 Nd7 26. Nb3 Bc4 27. Na5 Ne5 28.
e4 Qd8 29. Qd2 dxe4 30. Nxc4 Nxc4 31. Qc3+ Ne5 32. Bxe4 Qd4 33. Bb7 Rb8 34. Qxc5
Qxc5 35. Rxc5 Rxb7 36. Rxe5 1/2-1/2

[Event "40th Olympiad Open"]
[Site "Istanbul TUR"]
[Date "2012.09.03"]
[Round "6.15"]
[White "Esen, Baris"]
[Black "Djuraev, Sokhib"]
[Result "1/2-1/2"]
[WhiteTitle "GM"]
[BlackTitle "FM"]
[WhiteElo "2587"]
[BlackElo "2354"]
[WhiteTeam "Turkey"]
[BlackTeam "Tajikistan"]
[WhiteFideId "6302114"]
[BlackFideId "14201690"]
[EventDate "2012.08.28"]

1. d4 Nf6 2. Nf3 g6 3. c4 Bg7 4. g3 O-O 5. Bg2 d6 6. O-O Nc6 7. Nc3 e5 8. d5 Ne7
9. e4 Nd7 10. Ne1 f5 11. Nd3 Nf6 12. Bd2 Kh8 13. Rc1 fxe4 14. Nxe4 Nxe4 15. Bxe4
Bf5 16. f3 Ng8 17. c5 Qd7 18. Qb3 Bxe4 19. fxe4 b6 20. cxb6 cxb6 21. Rxf8 Rxf8
22. Qd1 h5 23. Qe2 Bh6 24. Bxh6 Nxh6 25. Nf2 Qa4 26. b3 Qd4 27. Kg2 b5 28. h3
Rf6 29. Rc2 Qb6 30. Qd2 Nf7 31. Rc6 Qd8 32. Qc3 Kg7 33. Rc7 a6 34. b4 Kh6 35.
Qc1+ g5 36. Nd1 Kg6 37. Ne3 Nh6 38. a3 Qf8 39. Qd2 Qb8 40. Rc6 Qa7 41. Nc2 Qd7
42. Ne3 Qa7 43. Nc2 Qd7 44. Qe2 g4 45. h4 Nf7 46. Ne3 Rf3 47. Nf5 Rxa3 48. Qd2
Kh7 49. Qc1 Ra2+ 50. Kh1 Re2 51. Rxd6 Re1+ 52. Qxe1 Nxd6 53. Nxd6 Qxd6 54. Qc3
Qe7 55. Qd2 Qf7 56. Qd3 Qc7 57. Kg2 Qc1 58. d6 Qb2+ 59. Kf1 Qc1+ 60. Ke2 Qb2+
61. Ke3 Qxb4 62. Ke2 Qb2+ 63. Kf1 Qc1+ 64. Kf2 Qb2+ 65. Kf1 Qc1+ 66. Ke2 Qb2+
67. Ke1 Qc1+ 68. Ke2 Qe1+ 1/2-1/2

[Event "40th Olympiad Open"]
[Site "Istanbul TUR"]
[Date "2012.09.03"]
[Round "6.15"]
[White "Isaev, Jamshed"]
[Black "Can, Emre"]
[Result "0-1"]
[WhiteTitle "IM"]
[BlackTitle "GM"]
[WhiteElo "2357"]
[BlackElo "2435"]
[WhiteTeam "Tajikistan"]
[BlackTeam "Turkey"]
[WhiteFideId "14700050"]
[BlackFideId "6302181"]
[EventDate "2012.08.28"]

1. e4 c5 2. Nf3 Nc6 3. d4 cxd4 4. Nxd4 Nf6 5. Nc3 d6 6. Bc4 Qb6 7. Nb3 e6 8. Be3
Qc7 9. f4 a6 10. Bd3 b5 11. Qf3 Be7 12. O-O O-O 13. Rae1 Bb7 14. Qh3 Nb4 15. a3
Nxd3 16. cxd3 e5 17. Rc1 Qd8 18. Rf3 Bc8 19. f5 d5 20. Bg5 Bb7 21. Qh4 Qb6+ 22.
Kh1 Rfd8 23. Rcf1 Rac8 24. Rh3 Kf8 25. Bxf6 Bxf6 26. Qxh7 b4 27. axb4 Qxb4 28.
d4 dxe4 29. Nc5 Rxd4 30. N3xe4 Rxe4 31. Rb3 Re1 0-1

[Event "40th Olympiad Open"]
[Site "Istanbul TUR"]
[Date "2012.09.03"]
[Round "6.16"]
[White "Kasimdzhanov, Rustam"]
[Black "Leitao, Rafael"]
[Result "1/2-1/2"]
[WhiteTitle "GM"]
[BlackTitle "GM"]
[WhiteElo "2684"]
[BlackElo "2623"]
[WhiteTeam "Uzbekistan"]
[BlackTeam "Brazil"]
[WhiteFideId "14200244"]
[BlackFideId "2101246"]
[EventDate "2012.08.28"]

1. c4 Nf6 2. Nf3 e6 3. g3 d5 4. Bg2 dxc4 5. Qa4+ Nbd7 6. Qxc4 c5 7. d3 Bd6 8.
O-O a6 9. Qc2 Rb8 10. d4 Qc7 11. dxc5 Bxc5 12. Be3 Nd5 13. Bxc5 Qxc5 14. Qd2 b5
15. Rc1 Qb6 16. Nc3 Bb7 17. a4 bxa4 18. Nxa4 Qb4 19. e4 Qxd2 20. Nxd2 Nb4 21.
Nb3 Ke7 22. Nac5 Nxc5 23. Nxc5 Rhc8 24. Rc3 Bc6 25. Nxa6 Ra8 26. Bf1 Nxa6 27.
Bxa6 Bb7 28. Rca3 Bxa6 29. Rxa6 Rab8 30. Ra7+ Kf6 31. R1a3 Kg6 32. Re7 Rxb2 33.
Rf3 Rf8 34. Rxe6+ fxe6 35. Rxf8 Re2 36. f3 h5 37. h4 Ra2 38. Kf1 Rb2 39. Ra8 Kf6
40. Ra5 g6 41. Ra3 Ke5 42. Re3 Ra2 43. Re2 Ra3 44. Kf2 Kf6 45. Re3 Ra2+ 46. Re2
Ra3 47. Rb2 Ke5 48. Rd2 Kf6 49. Kg2 Rb3 50. Ra2 Rc3 51. Kf2 Rb3 52. Ra5 Rc3 53.
g4 hxg4 54. fxg4 Rh3 55. e5+ Kf7 56. Ra7+ Kf8 57. Ra8+ Kf7 58. Ra7+ Kf8 59. Rh7
Ra3 60. h5 gxh5 61. Rxh5 Kg7 1/2-1/2

[Event "40th Olympiad Open"]
[Site "Istanbul TUR"]
[Date "2012.09.03"]
[Round "6.16"]
[White "Vescovi, Giovanni"]
[Black "Filippov, Anton UZB"]
[Result "0-1"]
[WhiteTitle "GM"]
[BlackTitle "GM"]
[WhiteElo "2617"]
[BlackElo "2617"]
[WhiteTeam "Brazil"]
[BlackTeam "Uzbekistan"]
[WhiteFideId "2100789"]
[BlackFideId "14200988"]
[EventDate "2012.08.28"]

1. d4 Nf6 2. c4 e6 3. Nf3 Bb4+ 4. Bd2 a5 5. c5 b6 6. cxb6 cxb6 7. Bxb4 axb4 8.
Nbd2 d5 9. e3 O-O 10. Bb5 Qd6 11. Ne5 Nfd7 12. Nxd7 Bxd7 13. Bd3 Nc6 14. O-O Ra7
15. Rc1 Rxa2 16. Bxh7+ Kxh7 17. Rxc6 Qxc6 18. Qb1+ g6 19. Qxa2 Ra8 20. Qb1 Rc8
21. Nf3 Qc2 22. Qa1 Bb5 23. Re1 Qa4 24. Qb1 Qc2 25. Qa1 Qa4 26. Qb1 Rc2 27. h4
b3 28. h5 gxh5 29. Qd1 Kg7 30. e4 dxe4 31. Ne5 f6 32. Qxh5 Be8 33. Qg4+ Kf8 34.
Qf4 Ke7 35. Rxe4 fxe5 36. dxe5 Qa1+ 37. Kh2 Bc6 38. Qf6+ Kd7 39. Rd4+ Kc8 40.
Qxe6+ Kb7 41. Qf7+ Ka6 42. Qxb3 Qxb2 43. Ra4+ Bxa4 44. Qxa4+ Kb7 45. Qe4+ Kb8
46. f4 Rc8 47. e6 Qc2 48. Qe5+ Qc7 49. Qd4 Re8 0-1